| 000 | 00791nam a2200229 a 4500 | ||
|---|---|---|---|
| 001 | 000015552 | ||
| 005 | 20200929164055.0 | ||
| 008 | 100212s2009 dr 001 0 spa d | ||
| 020 | _a9789945408348 | ||
| 040 |
_aDO-SdBNP _bspa _cBNPHU |
||
| 082 |
_a465.5 _bC758a |
||
| 100 | 1 |
_aConstanza, Ramón _935091 |
|
| 245 | 1 | 0 |
_aAspectos no tan evidentes del español : _buna guía para escribir mejor / _cRamón Constanza. |
| 260 |
_aSanto Domingo : _bArgos, _c2009. |
||
| 300 |
_a337 p. ; _c23 cm. |
||
| 504 | _aIncluye bibliografía y notas al pie de páginas. | ||
| 590 | _aInventariado, 2018/LP | ||
| 650 | 4 |
_aEspañol _xEscritura _935092 |
|
| 650 | 4 |
_aEspañol _xEjercicios de redacción _9522 |
|
| 650 | 4 |
_aEspañol _xAnálisis gramatical _935093 |
|
| 910 | _aValidado. Control de calidad EMS | ||
| 999 |
_c15108 _d15108 |
||